000 00704nam a22002297a 4500
999 _c15007
_d15007
003 AR-CdUCM
008 190425b ||||| |||| 00| 0 spa d
020 _a978-84-9825-773-1
040 _aMUNICIPALIDAD PROVINCIAL DEL CUSCO
_cBIBLIOTECA MUNICIPAL DEL CUSCO
041 _heng
082 _aPI / 376.1 /
_bC27
100 _aCarter, David A.
_933354
245 _aVeo - veo /
260 _aBarcelona :
_bCombel,
_c2012.
300 _bIlustraciones plegables
_c23 cm.
_a10 paginas ;
650 _aNiños (as)
_933869
650 _aMaterial didáctico
_910701
650 _aFormas y figuras plegables
_934007
650 _aObjetos plegables
_934008
942 _2ddc
_cLIBROS
945 _awnts
_d2019-04-25